Quizzes
Events
Quiz Creation
Community
Videos
Private Events
Remove Ads
Sign In
Join for FREE
Feedback
Dark Mode
Quiz Categories
Sports
Geography
Music
Movies
Television
Just For Fun
Miscellaneous
History
Literature
Language
Science
Gaming
Entertainment
Religion
Holiday
For Kids
Quiz Lab
Recent
Popular Today
Quiz Kudos Today
Editor Picks
Curator Picks
Quizzes by...
Day
Popularity
Type
Ratings
Length
Year
Community
Subscriptions
Recent Discussions
Orange Saloon
Badges
Playlists
Quests
Create
Leaderboards
Showdown
Live 5
Trivia Bingo
Activity
Puzzle Library
Sporcle Events
Private Events
Virtual Trivia
Globe League
Become a Host
Pub Owners
SporcleCon
Opinionation
Our Games
Videos
Blog
Mobile Apps
Partnerships
Remove Ads and Go Orange
Feedback
Geography
Country
Landmarks
City
State
Population
World
Capital
Continent
Flags
Europe
Africa
Asia
South America
North America
Oceania
Border
Canada
United Kingdom
Topography
United States
Geography
Country
Landmarks
City
State
Population
World
Capital
Continent
Flags
Europe
Africa
Asia
South America
North America
Oceania
Border
Canada
United Kingdom
Topography
United States
Random Quiz
Search Sporcle
×
Quiz Lab
Quiz Lab
Geography
Population
Type answers that appear on an image
Type answers that appear on an image
Map
Best Score? Go Orange.
Largest Cities in Montana (Map) Stats
Can you name the Largest Cities in Montana (Map)?
By
AleksGamer123
10m
50 Questions
51 Plays
51 Plays
51 Plays
Comments
Comments
Give Quiz Kudos
Give Quiz Kudos
-
- Ratings
hide this ad
Replay
Link that replays current quiz
Next Quiz
Link to next quiz in quiz playlist
You Got
0%
They Got
Avg Score
30%
Avg Friend Score
Upgrade to see
Score Distribution
Jump to the score distribution portion of the page
Score
0/50
Timer
10:00
0
Plays Today
% Correct
Billings
94.1%
Helena
90.2%
Missoula
82.4%
Butte-Silver Bow
82.4%
Bozeman
76.5%
Great Falls
68.6%
Miles City
56.9%
Kalispell
54.9%
Anaconda
54.9%
Havre
47.1%
Whitefish
47.1%
Belgrade
41.2%
Glendive
41.2%
Deer Lodge
41.2%
Livingston
35.3%
Lewistown
35.3%
Columbia Falls
35.3%
Libby
35.3%
Laurel
33.3%
Glasgow
33.3%
Polson
31.4%
Wolf Point
31.4%
Red Lodge
31.4%
Dillon
29.4%
Sidney
27.5%
% Correct
Cut Bank
27.5%
Hardin
25.5%
Shelby
25.5%
East Helena
23.5%
Hamilton
21.6%
Conrad
17.6%
Colstrip
15.7%
Bigfork
13.7%
Orchard Homes
9.8%
Lolo
9.8%
Helena Valley Northwest
9.8%
Helena Valley Northeast
9.8%
Lakeside
9.8%
Pablo
9.8%
East Missoula
9.8%
Montana City
7.8%
Big Sky
7.8%
Helena Valley West Central
5.9%
Lockwood
5.9%
Helena Valley Southeast
5.9%
Evergreen
5.9%
Malmstrom AFB
5.9%
Four Corners
5.9%
Lame Deer
5.9%
North Browning
2%
Quiz Playlist
Details
Report
Send in Message
Add To Playlist
Map:
Type answers that appear on an image
Last Updated: Sep 23, 2017
Quiz Scoreboard
CHALLENGE
Sign Up to Join the Scoreboard
Show All
Scores
Hide
Comments
May contain spoilers
Recently Published
Presidents Visiting Landmarks
by Hejman
History
7m
An Introduction to Baseball
by treessimontrees
Sports
5m
Movies - When Are They Set?
by FPL_Elf
Movies
5m
More to Explore
Quiz From the Vault
Featured Blog Post
Where Did the Easter Bunny Come From?
hide this ad
You Might Also Like...
Tags
City Quiz
Population Quiz
map
montana
USA
Today's Top Quizzes in Geography
Browse Geography
hide this ad
Today's Top Quizzes in Population
Browse Population
Top Contributed Quizzes in Geography
1
Countries of the World - No Outlines Minefield
2
Top 25 Cities of France on a map
3
Any capital of a 'B' country per Continent
4
Closest Countries to UK A-Z
5
Any capital of a 'C' country per Continent
6
One Thing in Common: United Kingdom
7
Any capital of a 'D' country per Continent
8
Find the Provinces of Canada - No Outlines Minefield
9
5-to-1: US Geography No Hints
10
Any capital of an 'E' country per Continent
Explore More
Trending Topics
NBA
Anime
Disney
Crossword
Harry Potter
Marvel
Kpop
The Office
Song
WWE
Country
Pokémon
Soccer
NFL
Puzzle
hide this ad
More By:
AleksGamer123
Quiz
Plays
Rating
Category
Featured
Created
Apex Legends: Kings Canyon Locations (Clickable)
16,404
5.00
Gaming
Mar 20, 2019
Apex Legends Weapons
13,196
4.60
Gaming
Mar 21, 2019
Apex Legends Characters
7,546
5.00
Gaming
Mar 20, 2019
Apex Legends: Olympus Locations (Clickable)
3,863
5.00
Gaming
Sep 13, 2021
PUBG: Erangel Locations
2,630
5.00
Gaming
Mar 25, 2019
Go to Creator's Profile
Score Distribution
Quiz Creator Spotlight
AleksGamer123
Follow
Send a Message
Quizzes Created
-
Created Quiz Play Count
-
More By This Creator
Popular Quizzes Today
1
Find the US States - No Outlines Minefield
2
Find the Countries of Europe - No Outlines Minefield
3
The Countries of the World
4
Find the US States
5
Popular People in 1961
6
US States
7
Risky Map Clicking: Biggest States A-Z
8
1-10 Letter E Words III
More Geography Quizzes
Human Flags
Quiz Lab
Trending Quizzes
Risky Map Clicking: Least Populous States A-Z
1-10 Letter G Words
1-10 Letter F Words
One Thing in Common: United Kingdom
Risky Map Clicking: Next State Alphabetically
Recently Updated
Leaping Animals
pecheneg
Reality TV Shows (A-Z)
bhenderson79
Rickey Henderson's Hall of Fame Teammates
pecheneg
Champions League XIs: Arsenal
pecheneg
Quick Pick: Celebrities in WWE's Hall of Fame
aduchscher
A-Z Keypad Blitz II
pecheneg
Multiple Oscar Actors
pecheneg
Mystery Phrase Blitz: Oscar 'Best Actors'
pecheneg
F. Scott Fitzgerald Novels
LTH
Pick 3 Villains
ddd62291
Trending Topics
Crossword
Disney
Harry Potter
Marvel
NBA
Kpop
Anime
WWE
Pokémon
The Office
Puzzle
Soccer
Song
Country
NFL
Your Account Isn't Verified!
In order to create a playlist on Sporcle, you need to verify the email address you used during registration. Go to your
Sporcle Settings
to finish the process.
Report this User
Report this user for behavior that violates our
Community Guidelines
.
Details:
Send Report
Go to the Sporcle.com Mobile Site →
Comments